Economic development (Record no. 2613)

000 -LEADER
fixed length control field 00554nam a22002177a 4500
001 - CONTROL NUMBER
control field 2613
003 - CONTROL NUMBER IDENTIFIER
control field BD-DhUET
008 - FIXED-LENGTH DATA ELEMENTS--GENERAL INFORMATION
fixed length control field 140928b xxu||||| |||| 00| 0 eng d
020 ## - INTERNATIONAL STANDARD BOOK NUMBER
International Standard Book Number 9788177584868
040 ## - CATALOGING SOURCE
Transcribing agency 0
Modifying agency BD-DhUET
082 ## - DEWEY DECIMAL CLASSIFICATION NUMBER
Classification number 338.9
Item number TOD/2003
100 ## - MAIN ENTRY--PERSONAL NAME
Personal name Todaro, Michael P.
245 ## - TITLE STATEMENT
Title Economic development
250 ## - EDITION STATEMENT
Edition statement 8th ed.
260 ## - PUBLICATION, DISTRIBUTION, ETC. (IMPRINT)
Place of publication, distribution, etc. New Delhi
Name of publisher, distributor, etc. Pearson Education
Date of publication, distribution, etc. 2003
300 ## - PHYSICAL DESCRIPTION
Extent 863 p.
Other physical details ill.
Dimensions 25 cm.
504 ## - BIBLIOGRAPHY, ETC. NOTE
Bibliography, etc Includes bibliographies
650 #0 - SUBJECT ADDED ENTRY--TOPICAL TERM
Topical term or geographic name as entry element Economic development
700 ## - ADDED ENTRY--PERSONAL NAME
Personal name Smith, Stephen C.
942 ## - ADDED ENTRY ELEMENTS (KOHA)
Koha item type General Book
Holdings
Koha issues (times borrowed) Source of classification or shelving scheme Koha full call number Lost status Price effective from Koha date last borrowed Koha normalized classification for sorting Koha out on loan Piece designation (barcode) Shelving location Not for loan Damaged status Koha item type Koha date last seen Sublocation or collection (holding branch) Koha renewals Date acquired Withdrawn status Location (home branch) Copy number
3 338.9/TOD/2003 2014-09-282023-12-04338_900000000000000_TOD_2003 105033Circulation section  General Book2024-06-12Central Library, BUET 2014-09-28 Central Library, BUET1
  338.9/TOD/2003 2014-09-28 338_000000000000000_9TOD2003 101786Circulation section  General Book2016-02-06Central Library, BUET 2014-09-28 Central Library, BUET2
  338.9/TOD/2003 2014-09-28 338_000000000000000_9TOD2003 101787Circulation section  General Book2016-02-08Central Library, BUET12014-09-28 Central Library, BUET3
1 338.9/TOD/2003 2014-09-282016-01-30338_900000000000000_TOD_20032017-06-28101788Circulation section  General Book2016-01-30Central Library, BUET 2014-09-28 Central Library, BUET4
  338.9/TOD/2003 2014-09-28 338_000000000000000_9TOD2003 101789Circulation section  General Book2016-02-06Central Library, BUET 2014-09-28 Central Library, BUET5
  338.9/TOD/2003 2015-01-20 338_900000000000000_TOD_2003 101790Circulation section  General Book2015-01-20Central Library, BUET 2015-01-20 Central Library, BUET6